Crecimiento desequilibrado

Guardado en:
Detalles Bibliográficos
Autor principal: Streeten, Paul
Formato: Desconocido
Aporte de:Registro referencial: Solicitar el recurso aquí
LEADER 00313 a2200109 4500
001 ART_2749
005 20260410161710.0
008 260409a
245 1 0 |a Crecimiento desequilibrado 
100 1 |a Streeten, Paul 
773 0 |t Desarrollo económico  |g - Vol. 2, Nº 3 (oct./dic. 1962)  |w REV1174 
999 |c 15965  |d 15965